000
00199 a2200097 4500
001
57865
100
_a
245
_a
Fane Sahafat
260
_a
Lahore
_b
Maktaba Karawan
_c
2008
090
_c
35479
_d
35479
942
_a
NUST-CAE
_c
_c
28312
999
_c
292938
_d
292938